Yu-Gi-Oh card game card types in 1 minute - Statistics

General Stats
  • This quiz has been taken 183 times
    133 since last reset
  • The average score is 8 of 10
Answer Stats
Hint Answer % Correct
4 Fusion
88%
3 Synchro
86%
2 Effect
85%
1 Normal
83%
6 Xyz
83%
8 Spell
82%
9 Trap
82%
10 Link
78%
7 Pendulum
76%
5 Ritual
71%
No matching quizzes found
Score Distribution
Percent of People with Each Score
Percentile by Number Answered
Your Score History
You have not taken this quiz since the last reset